Statistics for Werner Herzog movies

Click here to take the quiz!

General Stats

  • This quiz has been taken 84 times
  • The average score is 8 of 18

Answer Stats

YearAnswer% Correct
1972Aguirre, the Wrath of God
96%
1982Fitzcarraldo
87%
1979Nosferatu the Vampyre
74%
2009The Bad Lieutenant : Port of Call New Orleans
63%
1977Stroszek
54%
1974The Enigma of Kaspar Hauser
51%
2007Rescue Dawn
49%
1970Even Dwarfs Started Small
49%
1979Woyzeck
47%
1987Cobra Verde
44%
2009My Son, My Son, What Have Ye Done ?
44%
1976Heart of Glass
36%
1972Fata Morgana
26%
1984Where the Green Ants Dream
24%
2001Invincible
23%
2005The Wild Blue Yonder
21%
1968Signs of Life
20%
1991Scream of Stone
16%

Score Distribution

Percentile by Number Answered

Percent of People with Each Score

Your Score History

You have not taken this quiz